| 000 -LEADER |
| fixed length control field |
00577nam a2200217Ia 4500 |
| 001 - CONTROL NUMBER |
| control field |
17757 |
| 003 - CONTROL NUMBER IDENTIFIER |
| control field |
GE_BSU |
| 005 - DATE AND TIME OF LATEST TRANSACTION |
| control field |
20220223131040.0 |
| 008 - FIXED-LENGTH DATA ELEMENTS--GENERAL INFORMATION |
| fixed length control field |
181216s2009||||fr |||||||||||||| ||fre|| |
| 040 ## - CATALOGING SOURCE |
| Transcribing agency |
GE_BSU |
| 041 ## - LANGUAGE CODE |
| Language code of text/sound track or separate title |
fre |
| 080 ## - UNIVERSAL DECIMAL CLASSIFICATION NUMBER |
| Universal Decimal Classification number |
811.133.1 M-67 |
| 100 ## - MAIN ENTRY--PERSONAL NAME |
| Personal name |
Miquel, Claire |
| 9 (RLIN) |
7389 |
| 245 ## - TITLE STATEMENT |
| Title |
Grammaire en dialogues. Niveau debutant / |
| Statement of responsibility, etc. |
Claire Miquel. |
| 264 ## - PRODUCTION, PUBLICATION, DISTRIBUTION, MANUFACTURE, AND COPYRIGHT NOTICE |
| Date of production, publication, distribution, manufacture, or copyright notice |
2009. |
| 300 ## - PHYSICAL DESCRIPTION |
| Extent |
128 p.; |
| Other physical details |
30cm. |
| 653 ## - INDEX TERM--UNCONTROLLED |
| keyword |
Grammaire en dialogues |
| 653 ## - INDEX TERM--UNCONTROLLED |
| keyword |
Niveau debutant |
| 653 ## - INDEX TERM--UNCONTROLLED |
| keyword |
ფრანგული გრამატიკა |
| 942 ## - ADDED ENTRY ELEMENTS (KOHA) |
| Koha item type |
წიგნი |
| Source of classification or shelving scheme |
|